000
00312nam a22001337a 4500
020
_a
938101501-5
082
_a
510
_b
XAM/M
100
_a
XAM IDEA
245
_a
MATHEMATICS CCE SERIES
_b
CLASS X
260
_a
DELHI
_b
V K GLOBAL PUBLICATIONS
_c
2014
300
_a
396
650
_a
MATHS FOR CLASS X
_z
INDIA
942
_c
BK
999
_c
756
_d
756